| 000 | 00681nam a2200217Ia 4500 | ||
|---|---|---|---|
| 005 | 20220727104449.0 | ||
| 008 | 210716s2012 xx 000 0 und d | ||
| 020 | _a9788131705582 | ||
| 040 | _cAIMIT LIBRARY | ||
| 041 | _aeng | ||
| 082 |
_a005.2764 _21 _bCROM |
||
| 100 |
_aCrouch, Matt J. _953477 |
||
| 245 |
_aASP.NET and VB.NET web programming / _cBy Matt J Crouch. |
||
| 250 | _a1st ed. | ||
| 260 |
_aNew Delhi : _bPearson Education , _c2012. |
||
| 300 |
_axxii, 741p. ; _c23.5 cm |
||
| 650 |
_aThe VB.NET crash course _953478 |
||
| 650 |
_aWorking with ASP.NET _953479 |
||
| 650 |
_aUsing the .NET framework class library _953480 |
||
| 942 |
_2ddc _cBK _e1st _k005.2764 CROM |
||
| 999 |
_c193273 _d193273 |
||